<?xml version="1.0" encoding="UTF-8"?>
<record
    xmlns:xsi="http://www.w3.org/2001/XMLSchema-instance"
    xsi:schemaLocation="http://www.loc.gov/MARC21/slim http://www.loc.gov/standards/marcxml/schema/MARC21slim.xsd"
    xmlns="http://www.loc.gov/MARC21/slim">

  <leader>00710nam a22001817a 4500</leader>
  <controlfield tag="005">20231204121819.0</controlfield>
  <datafield tag="010" ind1=" " ind2=" ">
    <subfield code="a">HIN-126429</subfield>
  </datafield>
  <datafield tag="020" ind1=" " ind2=" ">
    <subfield code="a">9789390389575</subfield>
    <subfield code="c">325.00</subfield>
  </datafield>
  <datafield tag="035" ind1=" " ind2=" ">
    <subfield code="a">HN-98775</subfield>
  </datafield>
  <datafield tag="037" ind1=" " ind2=" ">
    <subfield code="b">DBAD/PUB</subfield>
  </datafield>
  <datafield tag="082" ind1=" " ind2=" ">
    <subfield code="a">510</subfield>
    <subfield code="b">1</subfield>
  </datafield>
  <datafield tag="100" ind1=" " ind2=" ">
    <subfield code="a">&#x905;&#x902;&#x915;&#x941;&#x936;</subfield>
    <subfield code="9">59414</subfield>
  </datafield>
  <datafield tag="245" ind1=" " ind2=" ">
    <subfield code="a">&#x930;&#x947;&#x932;&#x935;&#x947; (RRB/RRC) &#x917;&#x94D;&#x930;&#x941;&#x92A; 'D';</subfield>
    <subfield code="b">&#x932;&#x947;&#x935;&#x932;-1 &#x92D;&#x930;&#x94D;&#x924;&#x940; &#x92A;&#x930;&#x940;&#x915;&#x94D;&#x937;&#x93E; &#x917;&#x923;&#x93F;&#x924;/</subfield>
    <subfield code="c">&#x905;&#x902;&#x915;&#x941;&#x936;</subfield>
  </datafield>
  <datafield tag="260" ind1=" " ind2=" ">
    <subfield code="a">&#x928;&#x908; &#x926;&#x93F;&#x932;&#x94D;&#x932;&#x940;</subfield>
    <subfield code="b">&#x92A;&#x94D;&#x930;&#x92D;&#x93E;&#x924; &#x90F;&#x917;&#x94D;&#x91C;&#x93E;&#x92E;</subfield>
  </datafield>
  <datafield tag="270" ind1=" " ind2=" ">
    <subfield code="a">4/19 &#x906;&#x938;&#x92B; &#x905;&#x932;&#x940; &#x930;&#x94B;&#x921;</subfield>
    <subfield code="b">&#x928;&#x908; &#x926;&#x93F;&#x932;&#x94D;&#x932;&#x940;</subfield>
    <subfield code="e">110002</subfield>
  </datafield>
  <datafield tag="300" ind1=" " ind2=" ">
    <subfield code="a">290 &#x92A;&#x943;&#x937;&#x94D;&#x920;;</subfield>
    <subfield code="c">28cm (&#x905;&#x91C;&#x93F;&#x932;&#x94D;&#x926;) </subfield>
  </datafield>
  <datafield tag="942" ind1=" " ind2=" ">
    <subfield code="c">HN</subfield>
    <subfield code="h">510</subfield>
    <subfield code="2">ddc</subfield>
    <subfield code="m">&#x905;&#x902;&#x915;&#x941;&#x936;</subfield>
  </datafield>
  <datafield tag="999" ind1=" " ind2=" ">
    <subfield code="c">199407</subfield>
    <subfield code="d">199407</subfield>
  </datafield>
  <datafield tag="952" ind1=" " ind2=" ">
    <subfield code="0">0</subfield>
    <subfield code="1">0</subfield>
    <subfield code="4">0</subfield>
    <subfield code="7">0</subfield>
    <subfield code="8">NFIC</subfield>
    <subfield code="a">VP</subfield>
    <subfield code="b">VP</subfield>
    <subfield code="d">2023-12-04</subfield>
    <subfield code="e">DBAD/PUB</subfield>
    <subfield code="g">325.00</subfield>
    <subfield code="l">0</subfield>
    <subfield code="o">510 &#x905;&#x902;&#x915;&#x941;&#x936;</subfield>
    <subfield code="p">Hn-98775</subfield>
    <subfield code="r">2023-12-04 00:00:00</subfield>
    <subfield code="t">1</subfield>
    <subfield code="v">325.00</subfield>
    <subfield code="w">2023-12-04</subfield>
    <subfield code="y">HN</subfield>
  </datafield>
</record>
